书目信息 |
| 题名: |
高清日本战国史
|
|
| 作者: | 樱雪丸 著 | |
| 分册: | 3 | |
| 出版信息: | 重庆 重庆出版社 2017.03 |
|
| 页数: | 292页 | |
| 开本: | 24cm | |
| 丛书名: | ||
| 单 册: | ||
| 中图分类: | K313.34 | |
| 科图分类: | ||
| 主题词: | ||
| 电子资源: | ||
| ISBN: | 978-7-229-11274-5 | |
| 000 | 01151nam0 2200241 450 | |
| 001 | 008351607 | |
| 005 | 20170911155750.43 | |
| 010 | @a978-7-229-11274-5@dCNY36.80 | |
| 100 | @a20170331d2017 em y0chiy50 ea | |
| 101 | 0 | @achi |
| 102 | @aCN@b500000 | |
| 105 | @ay z 000yy | |
| 106 | @ar | |
| 200 | 1 | @a高清日本战国史@9gao qing ri ben zhan guo shi@h3@f樱雪丸著 |
| 210 | @a重庆@c重庆出版社@d2017.03 | |
| 215 | @a292页@d24cm | |
| 330 | @a本书为《史上最强日本史》全新修订版,本套书中从德川家康的出生写起,直到日本被丰臣秀吉统一为止,主要分三条线索讲述了日本战国时代的历史:第一条线索:讲述了德川家康从一介人质的身份起家,统一三河并不断走向壮大,其在夹缝中求生存中最为坚苦卓绝的人生岁月;第二条线索,叙述了织田信长从一个不被世人看好的“火星人”,逐渐成为天下霸主,并最终在本能寺事变中自杀身亡的短暂而又辉煌的一生;第三条线索,描写了出身寒微的丰臣秀吉艰辛的奋斗历程,也正是他的雄才大略,才最终统一了整个日本,结束了黑暗的战国时代。 | |
| 333 | @a历史爱好者 | |
| 607 | @a日本@x中世纪史@z1543-1868 | |
| 690 | @aK313.34@v5 | |
| 701 | 0 | @a樱雪丸@9ying xue wan@f(198?-)@4著 |
| 801 | 0 | @aCN@b人天书店@c20170331 |
| 905 | @b1063036-41@dK313.34@e72:3@f6 | |
| 高清日本战国史.3/樱雪丸著.-重庆:重庆出版社,2017.03 |
| 292页;24cm |
| 使用对象:历史爱好者 |
| ISBN 978-7-229-11274-5:CNY36.80 |
| 本书为《史上最强日本史》全新修订版,本套书中从德川家康的出生写起,直到日本被丰臣秀吉统一为止,主要分三条线索讲述了日本战国时代的历史:第一条线索:讲述了德川家康从一介人质的身份起家,统一三河并不断走向壮大,其在夹缝中求生存中最为坚苦卓绝的人生岁月;第二条线索,叙述了织田信长从一个不被世人看好的“火星人”,逐渐成为天下霸主,并最终在本能寺事变中自杀身亡的短暂而又辉煌的一生;第三条线索,描写了出身寒微的丰臣秀吉艰辛的奋斗历程,也正是他的雄才大略,才最终统一了整个日本,结束了黑暗的战国时代。 |
| ● |
| 相关链接 |
|
|
|
|
正题名:高清日本战国史
索取号:K313.34/72:3
 
预约/预借
| 序号 | 登录号 | 条形码 | 馆藏地/架位号 | 状态 | 备注 |
| 1 | 1063036 | 210630361 | 第二样本阅览室/ [索取号:K313.34/72:3] | 在馆 | |
| 2 | 1063037 | 210630370 | 密集书库-史法系/ [索取号:K313.34/72:3] | 在馆 | |
| 3 | 1063038 | 210630389 | 第二借阅区/ [索取号:K313.34/72:3] | 在馆 | |
| 4 | 1063039 | 210630398 | 第二借阅区/ [索取号:K313.34/72:3] | 在馆 | |
| 5 | 1063040 | 210630405 | 第二借阅区/ [索取号:K313.34/72:3] | 在馆 | |
| 6 | 1063041 | 210630414 | 第二借阅区/ [索取号:K313.34/72:3] | 在馆 |